| 000 | 00598nam a2200229Ia 4500 | ||
|---|---|---|---|
| 003 | OSt | ||
| 005 | 20221007063848.0 | ||
| 006 | a|||||r|||| 00| 0 | ||
| 007 | ta | ||
| 008 | 221006b |||||||| |||| 00| 0 eng d | ||
| 024 | _a24,579 | ||
| 037 | _cTextual | ||
| 040 |
_aFLL _cFLL _beng |
||
| 041 |
_2eng _aeng |
||
| 082 | _aZ2.5q, J2 | ||
| 100 | _aSarkar P.C. | ||
| 245 | 0 | _aCriminal laws in India & Pakistan | |
| 260 |
_aCalcutta _bS.C. Sarkar & Sons Ltd. India _c1952 |
||
| 300 |
_axx,1-816p _ccm. |
||
| 942 |
_hZ2.5q, J2 _cTEXL _2CC |
||
| 999 |
_c1132381 _d1132381 |
||